00310nam a2200109Ia 4500008004100000041000800041082001300049100001200062245007200074260004600146300000800192230511s2013 xx 000 0 und d aeng a346.0166 aDas P S aLaw Relating to Cruelty to Husband: Divorce and Maintenance to Wife aNew DelhibUniversal Law Publishingc2013 a398